000 00663nam a2200229Ia 4500
003 OSt
005 20230425160313.0
008 210423s2008 xx 000 0 und d
020 _a8189643029
040 _cAL
041 _aeng
082 _a327.54042 WEIC
_223
100 _aWEIGOLD (Auriol)
_992982
245 _aChurchill roosevelt and India: propaganda during world war II
260 _aNew Delhi
_bRoutledge
_c2008
300 _ax,210
_bPB
365 _b695
_cINR
650 _aInternational Relations
_992983
650 _aPolitical Science
_992984
906 _aChurchill ; during ; India: ; propaganda ; roosevelt ; war ; world
942 _2ddc
_cBK
999 _c161671
_d161671